| 000 | 00584nam a22001937a 4500 | ||
|---|---|---|---|
| 999 |
_c180742 _d180742 |
||
| 005 | 20210817111542.0 | ||
| 010 | _aENG-129870 | ||
| 020 |
_c396.00 _a978-93-8999-102-4 |
||
| 035 | _aEN-113402 | ||
| 037 | _bDBAD/PUB | ||
| 082 | _a347.54052 | ||
| 100 | _aGupta, Shri Niwas | ||
| 245 |
_aTextbook on the Limitation Act: _cShri Niwas Gupta |
||
| 250 | _a2020 | ||
| 260 |
_c2020 _aGurgaon _bLexis Nexis |
||
| 270 |
_a14th floor, Building no. 10 Tower-B DLF cyber city Phase-2nd _bGugaon _e122002 |
||
| 300 |
_a403p. _c23cm (pbk) |
||
| 942 |
_2ddc _cEN _kGUP _h347.54052 |
||